N or M? (Record no. 4871)

000 -LEADER
fixed length control field 00524 a2200145 4500
020 ## - INTERNATIONAL STANDARD BOOK NUMBER
International Standard Book Number 0006163017
082 ## - DEWEY DECIMAL CLASSIFICATION NUMBER
Classification number 823.912
090 ## - LOCALLY ASSIGNED LC-TYPE CALL NUMBER (OCLC); LOCAL CALL NUMBER (RLIN)
-- 902
-- 902
100 ## - MAIN ENTRY--PERSONAL NAME
Personal name Christie, Agatha.
245 ## - TITLE STATEMENT
Title N or M?
Statement of responsibility, etc. Agatha Christie
260 ## - PUBLICATION, DISTRIBUTION, ETC.
Place of publication, distribution, etc. London:
Name of publisher, distributor, etc. Harper Collins Publishers,
Date of publication, distribution, etc. 1995.
300 ## - PHYSICAL DESCRIPTION
Extent 217 p. ;
Dimensions 19 cm.
650 ## - SUBJECT ADDED ENTRY--TOPICAL TERM
Topical term or geographic name entry element 1.Beresford, Tommy (Fictitious character) --Fiction.2.Beresford, Tuppence (Fictitious character) --Fiction. 3.Private investigators --England --Fiction.4.Married people --Fiction.
942 ## - ADDED ENTRY ELEMENTS (KOHA)
Koha item type Book
Call number prefix 823.912 CHR
Holdings
Withdrawn status Lost status Damaged status Not for loan Collection code Permanent Location Current Location Shelving location Date acquired Source of acquisition Cost, normal purchase price Total Checkouts Total Renewals Full call number Barcode Date last seen Date last checked out Price effective from Koha item type
          Central Library (CL) Central Library (CL) Fiction 10/11/2004 Saeed Book Bank 175.50 1 4 823.912 CHR SEECS004831 06/06/2024 10/25/2014 01/05/2017 Book
          Central Library (CL) Central Library (CL) General Stacks 01/22/2003 Academic Book com. 150.00 1   823.912 CHR SEECS003014 05/23/2022 10/25/2021 01/05/2017 Book
© 2023 Central Library, National University of Sciences and Technology. All Rights Reserved.